[Event "11th Chennai Open-GM 2019"]
[Site "Chennai"]
[Date "2019.01.23"]
[Round "8"]
[White "Gajek, Radoslaw"]
[Black "Saravanan, V.."]
[Result "1/2-1/2"]
[WhiteElo "2481"]
[BlackElo "2318"]
[Annotator "ChessBase"]
[PlyCount "173"]
[EventDate "2019.01.18"]
[EventType "swiss"]
[EventCountry "IND"]
[SourceTitle "playchess.com"]
[Source "ChessBase"]
[SourceQuality "1"]
[TimeControl "5400+30"]

1. Nf3 {[%emt 0:00:00]} Nf6 {[%emt 0:00:00]} 2. c4 {[%emt 0:00:00]} g6 {[%emt 0:00:00]} 3. Nc3 {[%emt 0:00:00]} Bg7 {[%emt 0:00:00]} 4. g3 {[%emt 0:00:09]} O-O {[%emt 0:00:00]} 5. Bg2 {[%emt 0:00:04]} d6 {[%emt 0:06:04]} 6. O-O {[%emt 0:00:08]} Nc6 {[%emt 0:00:03]} 7. d4 {[%emt 0:01:23]} a6 {[%emt 0:00:06]} 8. d5 {[%emt 0:03:20]} Na5 {[%emt 0:00:07]} 9. Nd2 {[%emt 0:01:32]} c5 {[%emt 0:00:07]} 10. a3 {[%emt 0:05:22]} Bd7 {[%emt 0:00:40]} 11. b4 {[%emt 0:07:47]} cxb4 {[%emt 0:00:20]} 12. axb4 {[%emt 0:00:09]} Nxc4 {[%emt 0:00:05]} 13. Nxc4 {[%emt 0:01:06]} Qc7 {[%emt 0:10:32]} 14. Qb3 {[%emt 0:03:01]} Rac8 {[%emt 0:01:11]} 15. Nxd6 {[%emt 0:01:54]} Qxc3 {[%emt 0:08:35]} 16. Qxc3 {[%emt 0:01:10]} Rxc3 {[%emt 0:00:06]} 17. Nxb7 {[%emt 0:00:36]} Bb5 {[%emt 0:12:46]} 18. Nc5 {[%emt 0:13:10]} Rc2 {[%emt 0:02:56]} 19. Ra5 {[%emt 0:11:40]} Bxe2 {[%emt 0:09:16]} 20. Re1 {[%emt 0:00:10]} Ng4 {[%emt 0:00:27]} 21. Be4 {[%emt 0:05:20]} Bc3 {[%emt 0:00:12]} 22. Bxc2 {[%emt 0:01:06]} Bxe1 {[%emt 0:00:13]} 23. Nd3 {[%emt 0:01:28]} Bxd3 {[%emt 0:04:08]} 24. Bxd3 {[%emt 0:00:12]} Nxf2 {[%emt 0:00:37]} 25. Bxa6 {[%emt 0:00:58]} Bxb4 {[%emt 0:00:46]} 26. Ra4 {[%emt 0:12:34]} Bc5 {[%emt 0:00:57]} 27. Ba3 {[%emt 0:02:05]} Nd3+ {[%emt 0:07:06]} 28. Kf1 {[%emt 0:01:06]} Bxa3 {[%emt 0:00:11]} 29. Bxd3 {[%emt 0:00:43]} Bd6 {[%emt 0:00:07]} 30. Be4 {[%emt 0:00:52]} Rb8 {[%emt 0:01:53]} 31. Ra2 {[%emt 0:00:13]} h5 {[%emt 0:02:38]} 32. Bf3 {[%emt 0:00:55]} Kg7 {[%emt 0:03:09]} 33. Kg2 {[%emt 0:00:36]} Rb3 {[%emt 0:00:50]} 34. Re2 {[%emt 0:01:24]} Kh6 {[%emt 0:01:32]} 35. Be4 {[%emt 0:08:23]} Kg5 {[%emt 0:03:28]} 36. Bf3 {[%emt 0:00:50]} Ra3 {[%emt 0:00:10]} 37. Re4 {[%emt 0:00:35]} Rc3 {[%emt 0:01:10]} 38. Re2 {[%emt 0:00:25]} h4 {[%emt 0:02:15]} 39. gxh4+ {[%emt 0:03:52]} Kxh4 {[%emt 0:00:06]} 40. Re4+ {[%emt 0:02:24]} Kg5 {[%emt 0:00:09]} 41. Be2 {[%emt 0:02:27]} Rc2 {[%emt 0:04:25]} 42. h4+ {[%emt 0:03:48]} Kh6 {[%emt 0:02:00]} 43. Kf1 {[%emt 0:01:49]} Rd2 {[%emt 0:01:39]} 44. Bf3 {[%emt 0:00:12]} Bg3 {[%emt 0:07:57]} 45. Kg1 {[%emt 0:00:58]} f5 {[%emt 0:02:35]} 46. Rxe7 {[%emt 0:00:34]} Bxh4 {[%emt 0:00:06]} 47. Re6 {[%emt 0:00:20]} Bf2+ {[%emt 0:01:16]} 48. Kh1 {[%emt 0:00:47]} Bg3 {[%emt 0:00:06]} 49. Re2 {[%emt 0:00:09]} Rd3 {[%emt 0:00:57]} 50. Kg2 {[%emt 0:00:03]} Bf4 {[%emt 0:00:24]} 51. Re6 {[%emt 0:00:46]} Kg7 {[%emt 0:00:34]} 52. Re7+ {[%emt 0:01:00]} Kf6 {[%emt 0:01:42]} 53. Re6+ {[%emt 0:00:05]} Kg5 {[%emt 0:00:05]} 54. Kf2 {[%emt 0:00:33]} Rd4 {[%emt 0:01:43]} 55. Kf1 {[%emt 0:01:54]} Kh6 {[%emt 0:00:43]} 56. Kg2 {[%emt 0:00:38]} Kg7 {[%emt 0:00:16]} 57. Re7+ {[%emt 0:00:05]} Kf6 {[%emt 0:00:07]} 58. Re6+ {[%emt 0:00:04]} Kf7 {[%emt 0:00:05]} 59. Kf1 {[%emt 0:00:47]} Bg5 {[%emt 0:03:41]} 60. Rb6 {[%emt 0:01:23]} Be7 {[%emt 0:00:14]} 61. Ke2 {[%emt 0:01:03]} g5 {[%emt 0:01:00]} 62. Bh5+ {[%emt 0:00:05]} Kf8 {[%emt 0:00:08]} 63. Rb8+ {[%emt 0:00:25]} Kg7 {[%emt 0:00:08]} 64. Rb7 {[%emt 0:00:15]} Kh6 {[%emt 0:01:40]} 65. Bf7 {[%emt 0:00:19]} Bc5 {[%emt 0:00:53]} 66. Be6 {[%emt 0:00:07]} Kg6 {[%emt 0:00:20]} 67. Rf7 {[%emt 0:00:25]} Rf4 {[%emt 0:00:07]} 68. Rc7 {[%emt 0:00:24]} Bb4 {[%emt 0:00:21]} 69. Rc8 {[%emt 0:00:36]} Kf6 {[%emt 0:00:13]} 70. Ke3 {[%emt 0:00:36]} Bd6 {[%emt 0:01:08]} 71. Rd8 {[%emt 0:00:57]} Bc5+ {[%emt 0:00:12]} 72. Ke2 {[%emt 0:00:12]} g4 {[%emt 0:00:24]} 73. Rg8 {[%emt 0:00:12]} Ke5 {[%emt 0:00:40]} 74. Rg5 {[%emt 0:00:06]} Kf6 {[%emt 0:00:32]} 75. Rg8 {[%emt 0:00:06]} Bd6 {[%emt 0:00:19]} 76. Rd8 {[%emt 0:00:59]} Ke5 {[%emt 0:00:22]} 77. Rg8 {[%emt 0:00:05]} Bc5 {[%emt 0:01:52]} 78. Rg5 {[%emt 0:01:24]} Kf6 {[%emt 0:00:29]} 79. Rg8 {[%emt 0:00:17]} Ra4 {[%emt 0:00:59]} 80. Kf1 {[%emt 0:01:43]} Bd6 {[%emt 0:00:20]} 81. Rd8 {[%emt 0:00:16]} Ra6 {[%emt 0:00:43]} 82. Rd7 {[%emt 0:00:20]} Be7 {[%emt 0:01:59]} 83. Bxf5 {[%emt 0:00:22]} Kxf5 {[%emt 0:00:10]} 84. Rxe7 {[%emt 0:00:04]} Rd6 {[%emt 0:00:05]} 85. Kg2 {[%emt 0:00:28]} Rxd5 {[%emt 0:00:11]} 86. Rf7+ {[%emt 0:00:05]} Kg6 {[%emt 0:00:13]} 87. Rf8 {[%emt 0:00:02]} 1/2-1/2

[Event "11th Chennai Open-GM 2019"]
[Site "Chennai"]
[Date "2019.01.23"]
[Round "8"]
[White "Vignesh N R"]
[Black "Saurabh Anand"]
[Result "1-0"]
[WhiteElo "2461"]
[BlackElo "2210"]
[Annotator "TA"]
[PlyCount "115"]
[EventDate "2019.01.18"]
[EventType "swiss"]
[EventCountry "IND"]
[SourceTitle "playchess.com"]
[Source "ChessBase"]
[SourceQuality "1"]

{[%evp 22,115,10,10,25,19,18,15,14,0,20,14,15,15,19,13,19,10,21,18,40,39,39,39,40,40,40,39,37,17,40,40,39,31,38,31,35,33,41,24,41,30,35,30,33,0,40,35,150,62,73,83,107,95,123,120,255,269,264,266,248,241,222,232,297,461,419,402,436,457,400,351,458,432,460,407,425,383,404,368,325,393,258,8,1811,1619,1565,1216,1514,1311,1962,1892,12829,9988,5202,5097]} 1. e4 e5 2. Nf3 Nc6 3. Bc4 Nf6 4. d3 Be7 5. O-O O-O 6. Re1 d6 7. a4 Na5 8. Ba2 {C55: Two Knights: 4 d3, 4 d4 exd4 5 e5 and Max Lange Attack} c5 9. Nc3 Nc6 10. Nd5 Nxd5 11. Bxd5 Be6 12. c3 {LiveBook: 11 Publish game on website} Bf6 13. Qb3 Qd7 14. Be3 {[#]} Bxd5 $146 ({You set blue moves yourself with the critical opening position annotation.:} 14... Rfe8 15. Nd2 Rab8 {½-½ (96) Kobalia,M (2624)-Soffer,R (2508) Minsk 2017}) 15. Qxd5 Qe6 16. Qxe6 fxe6 17. Kf1 Rac8 18. Ke2 Be7 19. h4 {[%cal Bh2h4,Bh4h5,Bh5h6][%mdl 32]} d5 20. h5 Bd6 21. h6 g6 22. Ng5 Rfe8 23. a5 d4 24. Bd2 Bc7 25. c4 Bd6 26. Ra3 {[%cal Ba1a3,Ba3b3,Bb3b5,Bb5b6,Bb6c6][%mdl 32]} Bf8 27. Nf3 {[%cal Bg5f3,Bf3h2,Bh2g4][%mdl 32]} Bd6 28. Rea1 Rc7 29. Rb3 Kf8 30. Nh2 Ree7 31. Ng4 Rf7 32. Bg5 Be7 33. Bd2 Bd6 34. Rb5 Be7 (34... a6 $14 35. Rb6 Ke8) 35. Ra3 (35. a6 $1 $16 {[%cal Ra6b7]} b6 36. b4 $1 {[%mdl 512]}) 35... Ke8 36. Rab3 Bd6 37. Bg5 a6 38. Rb6 Be7 (38... Kf8 $16) 39. Rxc6 $1 $18 {[%mdl 64] NOTEXT-4839} Rxc6 40. Rxb7 Bxg5 41. Rxf7 Kxf7 42. Nxe5+ {[%mdl 64] NOTEXT-4834} Ke7 43. Nxc6+ {[%mdl 4096] General book An&L-An&W} Kd6 44. Nb8 Be7 45. Kf3 Kc7 46. Nxa6+ Kb7 {[#]} 47. Kf4 $1 Bd6+ 48. e5 Bf8 49. Nxc5+ $1 Bxc5 {An&L-An&P} 50. Ke4 Ka6 51. f4 Kxa5 52. g4 {Strongly threatening f5.} Kb4 $2 {[%mdl 8192]} (52... Kb6 $11) 53. f5 {White is clearly winning.} gxf5+ 54. gxf5 exf5+ 55. Kxf5 Kb3 56. Ke4 Kxb2 57. Kd5 Bf8 58. c5 {NOTEXT-4805: Tournament = 64%, Annotator = 35%.} 1-0

[Event "11th Chennai Open-GM 2019"]
[Site "Chennai"]
[Date "2019.01.23"]
[Round "8"]
[White "Akash G"]
[Black "Popov, Ivan"]
[Result "0-1"]
[WhiteElo "2453"]
[BlackElo "2588"]
[Annotator "TA"]
[PlyCount "123"]
[EventDate "2019.01.18"]
[EventType "swiss"]
[EventCountry "IND"]
[SourceTitle "playchess.com"]
[Source "ChessBase"]
[SourceQuality "1"]

{[%evp 23,123,4,28,13,6,8,36,-2,66,70,77,70,80,71,68,33,34,10,20,0,0,0,24,0,23,16,21,0,0,-19,-19,-20,-24,-16,0,0,104,94,67,75,69,0,0,0,0,0,0,0,0,-124,-46,-90,-76,-84,-72,-66,-72,-59,-70,-139,-81,-205,-195,-193,-206,-198,-206,-194,-208,-195,-195,-195,-195,-187,-200,-211,-186,-206,-132,-132,-88,-265,-250,-257,-258,-251,-250,-418,-449,-29968,-29970,-29968,-29969,-29968,-29970,-29970,-29971,-29971,-29972,-29970,-29972,-5631]} 1. e4 e5 2. Nf3 Nc6 3. Bb5 a6 4. Ba4 Nf6 5. d3 d6 6. c3 g6 7. Nbd2 Bg7 8. O-O O-O 9. Re1 Re8 {C77: Ruy Lopez: 3...a6 4 Ba4 Nf6, unusual lines} (9... Nh5 10. Nf1 f5 11. Bb3+ Kh8 12. Ng5 Qf6 13. exf5 Bxf5 14. Be3 Nf4 15. Bxf4 exf4 16. Ne4 Bxe4 17. Rxe4 {½-½ (45) Carlsen,M (2835)-Shirov,A (2643) St Petersburg 2018}) 10. Nf1 b5 11. Bc2 Bb7 12. Bg5 h6 {LiveBook: 3 Games} 13. Bd2 $146 ({Predecessor:} 13. Bh4 Nb8 14. N3d2 Nbd7 15. a4 c5 16. b4 d5 17. Nb3 {0-1 (56) Lagno,K (2456)-Roiz,M (2605) Gibraltar 2007}) 13... Nb8 {[%cal Bc6b8,Bb8d7,Bd7c5,Bc5e6][%mdl 32]} 14. Ng3 Nbd7 15. h4 (15. Qc1 $5 {[%cal Rd2h6]}) 15... Ng4 (15... h5 $11) 16. h5 $14 Qf6 17. Rf1 Nc5 18. hxg6 fxg6 19. b4 (19. Ng5 $5) 19... Ne6 20. Bb3 Kh7 21. Ne1 Qh4 {[%csl Gg4][%cal Rh4h2]} 22. Nf3 Qf6 23. Ne1 h5 (23... Qh4 $5 24. Nf3 $8 Qf6 $11) 24. Bxe6 Rxe6 25. f3 Nh6 $1 26. f4 exf4 $1 27. Rxf4 Qe7 28. Nf3 Kh8 29. Qb3 Rf6 (29... c5 $11) 30. Rxf6 $1 $16 Qxf6 31. Bg5 Qf8 32. Nh4 (32. Ne2 $14) 32... Kh7 $11 33. Bxh6 Kxh6 34. Rf1 Qe8 35. Rf7 Bc8 $1 {[%cal Rc8e6] Threatens to win with ...Be6.} 36. Rf2 (36. Rxc7 $11 {remains equal.} Be6 37. Qd1) 36... Be6 ({Black should try} 36... Qe6 $17 {Hoping for ...Qxb3.} 37. Ne2 Qxb3 38. axb3 a5 39. bxa5 Rxa5) 37. Qd1 Kh7 38. d4 Bg4 $36 {[%mdl 2048] Black is really pushing.} 39. Qd3 Qe7 $1 {[%cal Re7h4]} 40. Nf3 Rf8 41. Nf1 {[#]} ({Only move:} 41. a3 $1 $15) 41... Bh6 (41... Bxf3 $142 $1 42. Rxf3 Rxf3 43. Qxf3 c5 44. bxc5 dxc5) 42. a4 (42. N3h2 $17) 42... bxa4 43. Qxa6 Bxf3 ({Worse is} 43... Qxe4 {[#]} 44. Ng5+ $1 {[%mdl 512]} Bxg5 45. Rxf8 $11) 44. Rxf3 Rxf3 ({Resist} 44... Qxe4 45. Rxf8 Bxf8 46. Qxa4 $15) 45. gxf3 Qg5+ 46. Kf2 Qc1 47. Qxa4 {Threatening Qd7+.} Qb2+ 48. Kg1 Qxc3 49. Qd7+ Bg7 50. Kg2 Qb2+ 51. Kh3 Qxd4 {And now ...Qf2 would win.} 52. b5 $2 (52. Qxc7 $17 {only move.} Qxb4 53. Qf7) 52... Qf2 $19 53. Nh2 Kh6 {( -> ...Be5)} 54. Qf7 Qd2 55. Qe7 $2 (55. Nf1 Qg5 56. Ng3) 55... Qf4 56. Qh4 (56. Kg2 $19 Be5 57. Nf1) 56... Qxh4+ {Black mates.} 57. Kxh4 {KB-KN} Be5 58. Nf1 Bf4 59. Kh3 Kg5 60. Kg2 Kf6 61. Kf2 Ke5 62. Ke2 {Precision: White = 44%, Black = 73%.} 0-1

[Event "11th Chennai Open-GM 2019"]
[Site "Chennai"]
[Date "2019.01.23"]
[Round "8"]
[White "Shyaamnikhil P"]
[Black "Konguvel, Ponnuswamy"]
[Result "1/2-1/2"]
[WhiteElo "2446"]
[BlackElo "2302"]
[Annotator "TA"]
[PlyCount "63"]
[EventDate "2019.01.18"]
[EventType "swiss"]
[EventCountry "IND"]
[SourceTitle "playchess.com"]
[Source "ChessBase"]
[SourceQuality "1"]

{[%evp 18,63,51,15,15,0,18,0,12,12,12,13,18,-22,-17,-61,-62,-63,-45,-63,-24,-27,0,-21,-10,-22,-13,-11,-17,-8,-10,-19,-6,-39,7,-23,-6,-12,0,0,0,-37,-10,-34,0,-44,0,-19]} 1. Nf3 Nf6 2. g3 g6 3. Bg2 Bg7 4. d4 c6 5. O-O O-O 6. c3 d6 7. Nbd2 Nbd7 8. e4 e5 9. Re1 Qc7 10. b3 {LiveBook: 3 Games. A49: 1 d4 Nf6 2 Nf3 g6 3 g3: Anti-King's Indian systems} Re8 11. Ba3 b5 {[%cal Bb7b5,Bb5b4][%mdl 32]} 12. Rc1 $146 ({Predecessor:} 12. c4 a6 13. Rc1 Bb7 14. Bb2 exd4 15. cxb5 axb5 16. Nxd4 Qb6 17. a4 Nh5 18. axb5 cxb5 {0-1 (26) Luong,P (2122)-Hoang,T (2269) Da Lat 2014}) 12... a5 13. Bb2 c5 14. Bf1 Ba6 15. dxe5 dxe5 16. c4 b4 17. Bd3 Rad8 18. Nf1 {[%cal Bd2f1,Bf1e3,Be3d5][%mdl 32]} Bb7 19. Qc2 Nb8 {[%cal Bd7b8,Bb8c6,Bc6d4][%mdl 32]} 20. Rcd1 Nc6 21. Ne3 $1 Nd4 22. Nxd4 cxd4 23. Nd5 $1 {[%cal Rd5c7]} Qc5 24. Qd2 Nd7 25. Ra1 Bf8 26. h4 Ra8 27. h5 Qd6 28. hxg6 hxg6 29. Qg5 Be7 30. Qh6 Bf8 31. Qg5 Be7 32. Qh6 {Precision: White = 42%, Black = 30%.} 1/2-1/2

[Event "11th Chennai Open-GM 2019"]
[Site "Chennai"]
[Date "2019.01.23"]
[Round "8"]
[White "Nitin, S.."]
[Black "Pranesh M"]
[Result "0-1"]
[WhiteElo "2442"]
[BlackElo "2125"]
[Annotator "TA"]
[PlyCount "100"]
[EventDate "2019.01.18"]
[EventType "swiss"]
[EventCountry "IND"]
[SourceTitle "playchess.com"]
[Source "ChessBase"]
[SourceQuality "1"]

{[%evp 12,100,21,17,81,2,10,12,13,12,12,13,8,5,0,-4,-6,-50,-27,-41,-22,-22,-21,-52,-49,-58,0,-20,-4,0,8,9,34,39,44,15,28,17,21,-5,-16,-19,-37,-52,-64,-57,-70,-47,-60,-58,-57,-82,0,0,0,-75,-75,-69,-68,-74,-71,-170,-62,-280,-280,-280,-282,-276,-269,-339,-277,-423,-438,-423,-333,-550,-550,-550,-550,-546,-495,-710,-675,-1110,-793,-766,-755,-5121,-5114,-5097,-5097]} 1. Nc3 Nc6 2. e4 e5 3. Nf3 Nf6 4. Bb5 Bb4 5. O-O Bxc3 6. bxc3 O-O {C49: Four Knights: 4 Bb5 Bb4} 7. Re1 {LiveBook: 11 Games} (7. d3 d6 8. Bxc6 bxc6 9. Rb1 Be6 10. c4 Rb8 11. Rb3 h6 12. h3 Nd7 13. Be3 f5 14. exf5 Bxf5 15. Nd2 c5 16. Qf3 Rb6 17. Rfb1 {0-1 (40) Druska,J (2434)-Simacek,P (2500) Vienna 2018}) 7... Re8 {[#]} (7... Qe7 $11) 8. d3 (8. d4 $1 $16) 8... h6 $146 {The position is equal.} ({Predecessor:} 8... d6 9. Rb1 h6 10. Ba4 a6 11. c4 Nd7 12. Be3 Ne7 13. c5 dxc5 14. Bxd7 Qxd7 15. Nxe5 {1-0 (45) Willemze,T (2398)-Hadzimanolis,A (2306) Kallithea 2008}) 9. Nd2 Ne7 10. d4 Ng6 11. a4 c6 12. Bf1 d5 13. exd5 cxd5 14. Nb3 e4 15. c4 Bg4 16. Qd2 $1 dxc4 17. Bxc4 Nh4 $1 {[%cal Rh4g2] [#] Hoping for ...Nxg2!} 18. Bf1 $1 Qc8 (18... Bf3 $1 $15) 19. Ba3 {[%cal Bc1a3,Ba3d6,Bd6g3][%mdl 32]} Qf5 20. Bd6 $1 e3 21. Rxe3 Ne4 22. Rxe4 $1 Qxe4 23. Bg3 $1 {[%cal Rg3h4]} Qe7 24. Bb5 Rec8 25. Re1 Qg5 $36 {[%mdl 2048] Black has some pressure.} 26. f4 Qf6 27. Nc5 Nf5 28. Bf2 Nd6 29. h3 Bf5 {And now ...b6 would win.} 30. g4 Nxb5 31. axb5 Bxc2 ({Black should try} 31... b6 $17 32. gxf5 bxc5) 32. Qxc2 $11 {aiming for Qe4.} b6 33. Qe4 (33. Qf5 $11 {remains equal.} Qxf5 34. gxf5) 33... bxc5 $17 34. dxc5 Qc3 35. Kg2 Rab8 36. Bd4 (36. Rb1 $17) 36... Qc4 ({Black should play} 36... Qb3 $19 37. g5 hxg5 38. fxg5 Rxb5) 37. g5 $2 ({White must play} 37. b6 $15) 37... hxg5 $19 ({Stronger than} 37... Rxb5 38. gxh6 Rbxc5 39. Bxc5 $11) ({Worse is} 37... Qxb5 38. Qe5 $14) 38. fxg5 {and if Qe5 works, White does fine.} Re8 ({Don't take} 38... Rxb5 39. Qe5 $17) 39. Qxe8+ Rxe8 40. Rxe8+ {[%mdl 4096] Endgame KQ-KRB} Kh7 41. Be3 (41. Re4 $142) 41... Qxb5 42. Re7 a5 {[%cal Ba7a5,Ba5a4][%mdl 32]} 43. Rxf7 $2 (43. Kf2 a4 44. Ra7) 43... Qe2+ {Black is clearly winning.} 44. Bf2 a4 45. Ra7 Qe4+ 46. Kg1 (46. Kg3 $142 Qd3+ 47. Kf4) 46... Qf3 47. h4 Kg6 48. Ra6+ Kh5 49. c6 Qg4+ 50. Kh2 Qe2 {Precision: White = 43%, Black = 65%.} 0-1

[Event "11th Chennai Open-GM 2019"]
[Site "Chennai"]
[Date "2019.01.23"]
[Round "8"]
[White "Neelotpal, Das"]
[Black "Aleksandrov, Aleksej"]
[Result "0-1"]
[WhiteElo "2419"]
[BlackElo "2582"]
[Annotator "TA"]
[PlyCount "88"]
[EventDate "2019.01.18"]
[EventType "swiss"]
[EventCountry "IND"]
[SourceTitle "playchess.com"]
[Source "ChessBase"]
[SourceQuality "1"]

{[%evp 16,88,0,18,34,29,29,22,51,16,42,0,0,0,0,0,0,0,0,0,0,0,25,-114,-114,-191,-214,-238,-228,-206,-200,-178,-176,-314,-285,-349,-348,-354,-362,-343,-358,-546,-502,-485,-492,-529,-533,-533,-526,-529,-520,-522,-527,-526,-527,-521,-521,-505,-471,-466,-441,-533,-482,-476,-466,-520,-530,-530,-511,-504,-484,-514,-483,-936,-926]} 1. e4 e5 2. Nf3 Nc6 3. Bc4 Bc5 4. c3 Nf6 5. d3 d6 6. O-O O-O 7. Re1 a5 {C54: Giuoco Piano: 4 c3 Nf6, main lines with 5 d4 and 5 d3} 8. Bg5 h6 9. Bh4 {LiveBook: 8 Publish game on website} Ba7 $146 {The position is equal.} ({You set blue moves yourself with the critical opening position annotation.:} 9... g5 10. Bg3 Ba7 11. Na3 Nh7 12. Nd2 g4 13. Nb5 Bb6 14. Bb3 a4 15. Bc2 {1-0 (58) Vachier Lagrave,M (2778)-Ding,L (2816) Shenzhen 2018}) 10. Na3 Be6 11. Bb3 Kh8 12. Nb5 Bb6 13. Nd2 g5 14. Bg3 h5 $36 {[%mdl 2048] Black is pushing.} 15. h4 Ng4 {Threatens to win with ...&Lb3.} 16. Nf3 gxh4 17. Bxh4 Qd7 18. d4 {d5 is the strong threat.} Ne7 19. c4 {[#]} (19. Na3 $11 {remains equal.}) 19... Ng6 $1 $17 {White must now prevent ...a4!} 20. Bg5 (20. Bg3 $17 exd4 21. Nbxd4) 20... f6 21. Be3 {[#]} a4 $1 {[%mdl 512]} 22. Bxa4 Bxc4 23. Nc3 {[#]} Qg7 $1 24. b3 (24. Bb3 $142 Bxb3 25. Qxb3) 24... Be6 $19 25. Bb5 Rg8 26. Bf1 Nxe3 27. fxe3 Bg4 28. Nd5 (28. Be2 $142 Nf4 29. exf4 Bxf3 30. Bxf3 Bxd4+ {[%mdl 64] NOTEXT-4834} 31. Kf1 Bxc3 32. a4) 28... Ba7 {Black is clearly winning.} 29. Be2 c6 30. Nc3 Bxf3 31. Bxf3 Nh4 {[%mdl 64] NOTEXT-4836} 32. Kh1 exd4 {[%mdl 64] NOTEXT-4838} 33. exd4 {[#]} Bxd4 $1 {[%mdl 512]} 34. Qxd4 {aiming for &Vg1.} Nxf3 {[%csl Gg8][%cal Rg7g2]} 35. Qf2 Nxe1 36. Rxe1 {[#]} f5 $1 37. Re3 (37. exf5 Qxc3) 37... fxe4 38. Rh3 Ra5 39. Nxe4 {[#]} Rf5 $1 {[%mdl 512]} 40. Qd2 (40. Qxf5 Qxg2#) 40... Qa1+ 41. Kh2 {[%cal Rd2h6]} Qe5+ 42. Kg1 {[%cal Rd2h6]} Rg6 43. Re3 Qf4 44. Qe2 (44. Nf2 $142) 44... Re5 {NOTEXT-4805: Tournament = 50%, Annotator = 85%.} 0-1

[Event "11th Chennai Open-GM 2019"]
[Site "Chennai"]
[Date "2019.01.23"]
[Round "8"]
[White "Rajesh, V A V"]
[Black "Ziatdinov, Raset"]
[Result "1-0"]
[WhiteElo "2410"]
[BlackElo "2248"]
[Annotator "TA"]
[PlyCount "113"]
[EventDate "2019.01.18"]
[EventType "swiss"]
[EventCountry "IND"]
[SourceTitle "playchess.com"]
[Source "ChessBase"]
[SourceQuality "1"]

{[%evp 13,113,4,4,0,24,15,36,29,31,20,20,15,22,22,18,16,23,18,15,0,17,10,45,20,18,15,18,16,29,0,0,0,0,-37,33,33,33,33,33,33,37,37,29,29,29,12,37,35,37,37,37,37,37,37,37,37,37,37,79,37,37,37,79,40,52,63,101,90,105,104,91,91,121,121,215,201,265,264,264,266,440,472,453,431,528,552,613,585,704,704,1033,1006,1008,997,1033,1046,1724,1530,1643,1386,29990,29991]} 1. d4 d5 2. c4 e6 3. Nc3 Nf6 4. Bg5 Be7 5. cxd5 Nxd5 6. Bxe7 Qxe7 7. Nxd5 {D53: Queen's Gambit Declined: 4 Bg5 Be7: Early deviations} (7. Qb3 O-O 8. Nf3 c5 9. dxc5 Qxc5 10. e3 Nxc3 11. Rc1 Nc6 12. Rxc3 Qb4 13. Bd3 Qxb3 14. Rxb3 b6 {½-½ (25) Laznicka,V (2662)-Radjabov,T (2751) Batumi 2018}) 7... exd5 {LiveBook: 7 Games} 8. Rc1 $146 ({Predecessor:} 8. e3 Qb4+ 9. Qd2 Qxd2+ 10. Kxd2 a5 11. Bd3 O-O 12. Ne2 {½-½ (12) Barsov,A (2530)-Hayrapetyan,H (2486) Sitges 2013}) 8... Qb4+ (8... c6 {is more complex.} 9. e3 Bf5 10. Ne2 O-O 11. h4 Nd7) 9. Qd2 {White has an edge.} Qxd2+ 10. Kxd2 c6 11. e3 Bf5 12. Ne2 Nd7 13. Ng3 Bg6 14. h4 h5 15. f3 Nb6 16. Be2 O-O-O 17. b3 Rd6 18. Rhe1 Kd7 19. Bd1 Nc8 20. Ne2 Ne7 21. Nf4 Nf5 22. Rh1 Re8 23. Rc3 Kd8 (23... Rf6 $1 $15) 24. Bc2 $14 Ng3 25. Rh3 Nf1+ 26. Ke2 {[#] Black must now prevent Bxg6.} Bxc2 27. Kxf1 Bf5 28. Rh1 g6 29. Kf2 Rd7 30. b4 a6 31. a4 Kc7 32. Rhc1 Rd6 33. Rc5 Kb6 34. R1c3 Red8 35. Rb3 R6d7 36. Rb2 Rd6 37. Ke1 R6d7 38. Kd2 Rd6 39. b5 {[#] Strongly threatening bxc6+.} axb5 40. axb5 Kc7 41. b6+ Kd7 42. Ra5 Rb8 43. Ne2 f6 (43... Ke7 $16 {was worth a try.}) 44. Nc3 $18 g5 45. hxg5 fxg5 46. e4 {[%cal Be3e4,Be4e5][%mdl 32]} Bh7 $2 (46... dxe4 {was necessary.} 47. Rxf5 Rxd4+ 48. Ke2 exf3+ 49. gxf3 (49. Rxf3 Re8+ 50. Kf2 Kd6 $16) 49... Rh4) 47. e5 Rg6 48. Na4 g4 49. Nc5+ Ke7 50. Ke3 gxf3 51. gxf3 Rg3 52. Ra7 Be4 53. Rf2 h4 54. Nxb7 h3 55. Nc5+ Ke8 56. b7 Bxf3 57. Ra8 {Precision: White = 80%, Black = 47%.} 1-0